Hotel: novela

Gespeichert in:
Bibliographische Detailangaben
1. Verfasser: Hailey, Arthur (VerfasserIn)
Format: Buch
Sprache:Spanisch
Veröffentlicht: Buenos Aires Emecé 1966
Schriftenreihe:Grandes novelistas: la novela actual en el mundo
Schlagworte:
Tags: Tag hinzufügen
Keine Tags, Fügen Sie den ersten Tag hinzu!

MARC

LEADER 00000nam a2200000 a 4500
001 UCZ0191
003 CL-VaPUC
008 950724e19660400AG |||||||||||||||||spa|d
082 0 4 |a C813  |b HAI  |2 21 
100 |a Hailey, Arthur  |e author  |9 568700 
245 1 0 |a Hotel: novela 
300 |a 478 p 
942 |c BK 
945 |d 19950724 00:00:00  |a lriquelm 
260 |a Buenos Aires  |b Emecé  |c 1966 
650 0 |a Novelas canadienses  |9 261026 
650 0 |a Literatura canadiense  |9 342826 
650 0 |a Formas y géneros literarios  |9 324031 
583 |a last modification  |c 19950724 00:00:00  |k Rodrigo Vera 
490 0 |a Grandes novelistas: la novela actual en el mundo 
999 |c 237153  |d 237151 
952 |0 0  |1 0  |4 0  |6 C_813_000000000000000_HAI_1966  |7 0  |8 P  |9 245980  |a BIBEDU  |b BIBEDU  |c BIBEDU_PB  |d 2019-11-18  |i 1534823  |o C813 HAI 1966  |p 1534823  |r 2024-01-25  |w 2019-11-18  |y BK  |k EDU